Sehatmand maashrah / (Record no. 525663)

000 -LEADER
fixed length control field 00427nam a22001697a 4500
003 - CONTROL NUMBER IDENTIFIER
control field NUST
020 ## - INTERNATIONAL STANDARD BOOK NUMBER
Terms of availability (Hbk)
038 ## - RECORD CONTENT LICENSOR
Staff Name M. Shaban
082 ## - DEWEY DECIMAL CLASSIFICATION NUMBER
Classification number 301
Author Mark QAZ
100 ## - MAIN ENTRY--PERSONAL NAME
Personal name Qazi Javed
9 (RLIN) 9706
245 ## - TITLE STATEMENT
Title Sehatmand maashrah /
Statement of responsibility, etc. Qazi Javed
260 ## - PUBLICATION, DISTRIBUTION, ETC.
Place of publication, distribution, etc. Lahore :
Name of publisher, distributor, etc. Fiction House,
Date of publication, distribution, etc. 2005.
300 ## - PHYSICAL DESCRIPTION
Extent 319 p. ;
880 ## - ALTERNATE GRAPHIC REPRESENTATION
Linkage 100-01\r
Title قاضی جاوید
880 ## - ALTERNATE GRAPHIC REPRESENTATION
Linkage 245-02\r
Title صحت مند معاشرہ /
942 ## - ADDED ENTRY ELEMENTS (KOHA)
Source of classification or shelving scheme
Koha item type Book
Holdings
Withdrawn status Lost status Source of classification or shelving scheme Damaged status Not for loan Permanent Location Current Location Shelving location Date acquired Total Checkouts Full call number Barcode Date last seen Price effective from Koha item type
          Central Library (CL) Central Library (CL) Urdu Literature 07/03/2019   301 QAZ CL-E-1158 11/20/2024 07/03/2019 Book
© 2023 Central Library, National University of Sciences and Technology. All Rights Reserved.